| 000 | 01438cam a22004457a 4500 | ||
|---|---|---|---|
| 003 | CHAP | ||
| 005 | 20220817040921.0 | ||
| 008 | 971013s1988 r 00010 d | ||
| 010 | _a2678 | ||
| 011 | _a3650 | ||
| 035 | _a2851 | ||
| 040 | _cCHAP | ||
| 082 |
_a633 _bP48 |
||
| 100 | 0 | 0 |
_aPetr, J. _987642 |
| 245 | 0 | _aYield formation in the main field crops | |
| 260 |
_aAmsterdam : _bElsevier, _c1988 |
||
| 300 |
_a336 p. _b: ilus |
||
| 490 | 0 |
_aDevelopments in crop science _v; 13 |
|
| 590 |
_aBATCH-UPD _b10 _c20130110 _lUCH01 _h0127 |
||
| 590 |
_aBATCH-UPD _b10 _c20130110 _lUCH01 _h1326 |
||
| 590 |
_aBATCH-UPD _b10 _c20130410 _lUCH01 _h0833 |
||
| 590 |
_aBATCH-UPD _b10 _c20130914 _lUCH01 _h0912 |
||
| 590 |
_aCONVERSION _b10 _c20130109 _lUCH01 _h1303 |
||
| 650 | 1 | 4 |
_aCereales _xRendimiento. _921461 |
| 650 | 1 | 4 |
_aCultivos _xRendimiento. _930318 |
| 650 | 1 | 4 |
_aEcología agrícola. _935165 |
| 650 | 1 | 4 |
_aEcosistema. _935290 |
| 650 | 1 | 4 |
_aFotosíntesis. _942737 |
| 650 | 1 | 4 |
_aLeguminosas _xRendimiento. _965849 |
| 650 | 1 | 4 |
_aMaíz _xRendimiento. _971051 |
| 650 | 1 | 4 |
_aPapa _xRendimiento. _985284 |
| 650 | 1 | 4 |
_aPastos _xRendimiento. _986076 |
| 650 | 1 | 4 |
_aPlantas _xNutrición. _988874 |
| 650 | 1 | 4 |
_aRemolacha _xRendimiento. _995865 |
| 700 | 0 |
_aHruska, L. _956550 |
|
| 830 | 0 |
_aDevelopments in crop science _v; 13 |
|
| 901 | _aBK | ||
| 942 | _cLIBRO | ||
| 949 |
_a633 P48 _bBC _cLIBRO _d33724000189312 _eLIBRO _gI.156368 _h79339 _i2851 _si _t571.20 |
||
| 999 |
_c2678 _d2678 |
||